00526nam a2200193 a 4500001001300000003000900013005001700022008004100039020002300080082001300103100002500116245005800141260003000199300000900229500003500238505001000273650002400283700002500307nice12345678IN_TiNIC20260116012834.0050524s1985 u sa grp 000 0 eng  a0896935 c10000a242bBLA aBlanchard, Charles A aGetting Things from Godb Meaning of Christian Prayer aU S AbVictor Booksc1985 a168p aincludes index and biblioraphy2 aIndex aPrayer-Christianity1 aBlanchard, Charles A